| 000 | 00696nam a22002417a 4500 | ||
|---|---|---|---|
| 001 | 47561 | ||
| 003 | UA-OsUOA | ||
| 005 | 20260330100215.0 | ||
| 007 | ta | ||
| 008 | 20070808b un ||||| |||| 00| 0 ukr d | ||
| 040 |
_aUA-OsUOA _bukr _cUA-OsUOA _dUA-OsUOA |
||
| 041 | _aukr | ||
| 080 | _a821.161.2 | ||
| 090 |
_a821.161.2 _bК83 |
||
| 100 |
_aКропивницький М. _923323 |
||
| 245 |
_aП'єси _cМарко Кропивницький |
||
| 260 |
_aК. _bДніпро _c1982 |
||
| 300 | _a368 с. | ||
| 650 | 7 |
_a821.161.2 Українська література _2UDC _941 |
|
| 942 |
_cBK _2udc |
||
| 955 | _a3 | ||
| 999 |
_c333656 _d333656 |
||